Missing Word: The Dark Knight Rises II Quiz Stats

 Plays Quiz Updated Aug 17, 2012

Support Sporcle.
Go Orange.
Score 0/16 Timer 04:00
0 Plays Today
Hint Answer % Correct
Gary OldmanGoblet
93.3%
Gary OldmanForce
92.8%
Morgan FreemanDaisy
89.8%
Morgan FreemanAlmighty
89.6%
Morgan FreemanShawshank
86.2%
Michael CaineItalian
80.3%
Marion CotillardParis
78.6%
Gary OldmanFifth
77.8%
Hint Answer % Correct
Morgan FreemanBucket
76.4%
Gary OldmanTailor
71.6%
Michael CaineCider
65.4%
Michael CaineMen
52.9%
Marion CotillardEnemies
49%
Marion CotillardRose
45.3%
Michael CaineQuiet
17.6%
Marion CotillardBlack
14.1%

Today's Daily Dose

You're not logged in!

Compare scores with friends on all Sporcle quizzes.
OR
Log In

From the Vault

Discontinued Olympic Event Winners

by psubball1

Sadly, Calvinball just didn't have Olympic staying power.
Remove Ads.
Support Sporcle.
Get the best of Sporcle when you Go Orange. This ad-free experience offers more features, more stats, and more fun while also helping to support Sporcle. Thank you for becoming a member.

Show Comments

Extras

Top Quizzes Today


Score Distribution

Your Account Isn't Verified!

In order to create a playlist on Sporcle, you need to verify the email address you used during registration. Go to your Sporcle Settings to finish the process.

Report this User

Report this user for behavior that violates our Community Guidelines.

Details: